The nature and origin of the cult of Silvanus in the Roman provinces of Dalmatia and Pannonia /
This volume deals with the cult of Silvanus and presents the evidence and current state of research of the cult in Dalmatia and Pannonia to the wider scholarly community. New perceptions on the subject are proposed and a fresh standpoint from which certain problems may be (re)addressed is presented.
المؤلف الرئيسي:
التنسيق: كتاب الكتروني
اللغة: English
منشور في:
Oxford :
Archaeopress Publishing Ltd,
[2016]
سلاسل:
Archaeopress Roman archaeology ;
19.
الموضوعات:
الوصول للمادة أونلاين: Login to view Source
الوسوم: إضافة وسم
رقم الطلب: DG59.P2
| LEADER | 02089nam a2200457 i 4500 | ||
|---|---|---|---|
| 001 | EDZ0001650329 | ||
| 003 | StDuBDS | ||
| 005 | 20230412181908.0 | ||
| 006 | m|||||o||d|||||||| | ||
| 007 | cr ||||||||||| | ||
| 008 | 170208t20162016enka fob 000|0|eng|d | ||
| 020 | |a 9781784915131 (ebook) : |c No price | ||
| 040 | |a StDuBDS |b eng |c StDuBDS |e rda |e pn | ||
| 050 | 4 | |a DG59.P2 | |
| 082 | 0 | 4 | |a 936.39 |2 23 |
| 100 | 1 | |a Perinić, Ljubica, |e author. | |
| 245 | 1 | 4 | |a The nature and origin of the cult of Silvanus in the Roman provinces of Dalmatia and Pannonia / |c Ljubica Perinić. |
| 264 | 1 | |a Oxford : |b Archaeopress Publishing Ltd, |c [2016] | |
| 264 | 4 | |c ©2016 | |
| 300 | |a 1 online resource : |b illustrations (black and white, and colour). | ||
| 336 | |a text |2 rdacontent | ||
| 336 | |a still image |2 rdacontent | ||
| 337 | |a computer |2 rdamedia | ||
| 338 | |a online resource |2 rdacarrier | ||
| 490 | 1 | |a Archaeopress Roman archaeology ; |v 19 | |
| 500 | |a Previously issued in print: 2016. | ||
| 504 | |a Includes bibliographical references. | ||
| 520 | 8 | |a This volume deals with the cult of Silvanus and presents the evidence and current state of research of the cult in Dalmatia and Pannonia to the wider scholarly community. New perceptions on the subject are proposed and a fresh standpoint from which certain problems may be (re)addressed is presented. | |
| 521 | |a Specialized. | ||
| 588 | |a Description based on online resource; title from home page (viewed on March 7, 2017). | ||
| 651 | 0 | |a Dalmatia (Croatia) |x Antiquities, Roman. | |
| 651 | 0 | |a Pannonia |x Antiquities, Roman. | |
| 650 | 0 | |a Excavations (Archaeology) |z Croatia |z Dalmatia. | |
| 650 | 0 | |a Excavations (Archaeology) |z Pannonia. | |
| 600 | 0 | 0 | |a Silvanus |c (Roman deity) |
| 776 | 0 | 8 | |i Print version : |z 9781784915124 |
| 830 | 0 | |a Archaeopress Roman archaeology ; |v 19. | |
| 856 | 4 | 0 | |3 Archaeopress |u http://library.arce.org:8087/Archaeopress/Products/9781784915124 |
| 942 | |2 lcc |c EBOOK | ||
| 952 | |0 0 |1 0 |4 0 |6 DG0059 P2 |7 1 |9 46232 |a ARCH |b ARCH |d 2023-04-12 |l 0 |o DG59.P2 |r 2023-04-12 00:00:00 |w 2023-04-12 |y EBOOK | ||
| 999 | |c 51890 |d 51890 | ||
